OECD Health Systems Facts and Trends 1960-1991

Na minha lista:
Detalhes bibliográficos
Formato: Livro
Idioma:inglês
Publicado em: Paris OECD 1993
Edição:1. éd.
Colecção:Health Policy Studies No 3
Assuntos:
Tags: Adicionar Tag
Sem tags, seja o primeiro a adicionar uma tag!

MARC

LEADER 00000nam a2200000 4500
001 c004151
005 20221206075616.7
020 |a 92-64-13800-5 
041 0 |a eng 
044 |a FR 
245 1 0 |a OECD Health Systems  |b Facts and Trends 1960-1991 
250 |a 1. éd. 
264 1 |a Paris  |b OECD  |c 1993 
300 |a 277 s. 
490 1 |a Health Policy Studies  |v No 3 
830 0 |a Health Policy Studies  |v No 3 
610 2 0 |a zdravotníctvo 
610 2 0 |a starostlivosť zdravotná 
610 2 0 |a výdavky 
610 2 0 |a populácia 
610 2 0 |a demografia 
610 2 0 |a údaje štatistické 
610 2 0 |a 1960-1991